000
00189 a2200109 4500
020
_a
1426816
041
_a
spa
100
_a
Rius, Maria
245
_a
el gusto
942
_c
BK
952
_7
4
999
_c
19653
_d
19653